La loca historia del Mundo

La película es una parodia del cine histórico. Se divide en cuatro partes principales que narran sendas historias durante la Edad de Piedra, el Imperio Romano, la Inquisición Española y la Revolución Francesa. También consta de escenas de los Diez Mandamientos y la Última Cena.

Guardado en:
Autor Principal: Brooks, Mel.
Autor Corporativo: 20th Century Studios.
Otros Autores: Morris, John; Música., Welles, Orson; Narrador., DeLuise, Dom; Reparto., Kahn, Madeline; Reparto., Korman, Harvey; Reparto., Leachman, Cloris; Reparto.
Formato: Deslizar
Idioma:Undetermined
Publicado: Estados Unidos : 20th Century Studios, 1981.
Materias:
Etiquetas: Agregar Etiqueta
Sin Etiquetas, Sea el primero en etiquetar este registro!
LEADER 01334ngm a22002895a 4500
001 CEM.cems020443
008 230914s1981####xx#---############vlund#d
005 20230914182759.0
245 1 0 |a La loca historia del Mundo  |h [videograbación] /  |c Mel Brooks. 
260 |a Estados Unidos :  |b 20th Century Studios,  |c 1981. 
300 |a 92'. 
520 |a La película es una parodia del cine histórico. Se divide en cuatro partes principales que narran sendas historias durante la Edad de Piedra, el Imperio Romano, la Inquisición Española y la Revolución Francesa. También consta de escenas de los Diez Mandamientos y la Última Cena. 
590 |a Identificación anterior: 150 
538 |a Soporte: DVD -- Formato: AVI – Peso: 725mb -- Resolución: 480 x 360 -- 29.97fps 
500 |a Título original: History of the World, Part 1 – Idioma: Inglés – Subtítulos: Castellano. 
100 1 |a Brooks, Mel. 
700 1 |a Morris, John; Música. 
700 1 |a Welles, Orson; Narrador. 
700 1 |a DeLuise, Dom; Reparto. 
700 1 |a Kahn, Madeline; Reparto. 
700 1 |a Korman, Harvey; Reparto. 
700 1 |a Leachman, Cloris; Reparto. 
710 2 |a 20th Century Studios. 
653 |a LARGOMETRAJE 
653 |a FICCOÓN 
653 |a COMEDIA 
859 |a CEMS  |b BIB. CEMS - Depto. Recursos Didacticos  |h 778.5  |i BRO  |k DRD  |p 3105.23  |t Ej.1